000 00319pab a2200145 454500
008 180718b1997 xxu||||| |||| 00| 0 eng d
100 _aMahbub Ul Haq
245 _aEmployment in the 1970s
260 _c1997
300 _ap.57-62
362 _aMar
650 _aEmployment
773 _aDevelopment
909 _a34543
999 _c34543
_d34543